000 01091cam a2200289 a 4500
001 14167676
003 OSt
005 20170105101205.0
008 051114s2007 njua b 001 0 eng
010 _a 2005033059
020 _a0131942271
040 _aDLC
_cDLC
_dDLC
050 0 0 _aBF637.B4
_bM37 2005
082 0 0 _a155.2/5
_222
100 1 _aMartin, Garry,
_d1941-
245 1 0 _aBehavior modification :
_bwhat it is and how to do it /
_cGarry Martin, Joseph Pear.
250 _a8th ed.
260 _aUpper Saddle River, N.J. :
_bPrentice Hall,
_cc2007.
300 _axxii, 473 p. :
_bill. ;
_c24 cm.
504 _aIncludes bibliographical references (p. 423-458) and index.
650 0 _aBehavior modification.
700 1 _aPear, Joseph,
_d1938-
856 4 1 _3Table of contents only
_uhttp://www.loc.gov/catdir/toc/ecip063/2005033059.html
906 _a7
_bcbc
_corignew
_d1
_eecip
_f20
_gy-gencatlg
942 _2ddc
_cBK
999 _c2938
_d2938